00358nam a22001337a 4500020001800000040000900018082001600027100001600043110001700059245006700076250001600143260003300159610003200192 a9788181287229 cNUST a629.23bKIE aKiencke Uwe aNielsen Lars aAutomotive Control Systems bFor Engine, Driveline,and Vehicle a2nd Edition aNew Dehli:bSpringer;c2005. aAutomotive Control Systems